| 000 | 01114cai a2200229 4500 | ||
|---|---|---|---|
| 001 | WS124802 | ||
| 008 | 120314n2012 000 0 eng u | ||
| 035 | _a(Sirsi) u124802 | ||
| 110 |
_aJoint Contracts Tribunal _93664 |
||
| 240 | _aJCT | ||
| 245 |
_aJoint Contracts Tribunal _bJCT _h[electronic resource] |
||
| 520 | _aWebsite for JCT which produces standard forms of contracts, guidance notes and other standard documentation for the construction industry. Includes a list of contracts and details of their coverage. Contracts cannot be bought via this site they are only sold through approved resellers such as RICS Books. | ||
| 650 | _aCOPYRIGHT | ||
| 650 | _aJCT | ||
| 650 |
_aContracts _96232 |
||
| 650 | _aBUILT ENVIRONMENT-BUILDING CONTRACT FORMS-STANDARD FORMS OF BUILDING CONTRACT-JOINT CONTRACTS TRIBNUAL CONTRACTS | ||
| 650 | _aSTANDARDS FORMS | ||
| 690 |
_aContracts _96232 |
||
| 856 | 4 | 0 |
_uhttps://www.jctltd.co.uk _zView the website free of charge at www.jctltd.co.uk |
| 856 | 4 | 0 |
_uhttps://www.ricsbooks.com/jct2011/ _zView this website www.ricsbooks.com to purchase contracts |
| 942 | _n0 | ||
| 999 |
_c120392 _d120392 |
||